Goodfellas Characters - Statistics

General Stats
  • This quiz has been taken 63 times
  • The average score is 3 of 16
Answer Stats
Hint Character % Correct
Protagonist Henry Hill
100%
Protagonist's Wife Karen Hill
59%
Psychopathic Antagonist Tommy DeVito
46%
Wealthy Secondary Protagonist James Conway
39%
Protagonist's First Boss Paulie Cicero
25%
Protagonist's Mistress Janice Rossi
11%
First Boss' Brother Tuddy Cicero
11%
Lucchese Crime Family Associate Frankie Carbone
7%
Mistress' Friend Sandy
7%
One-Liner Comedian Henny Youngman
4%
Antagonistic "Made Man" Billy Battz
2%
Protagonist's Wife's Neighbor Bruce
2%
Heist Criminal Frenchy
2%
Bamboo Lounge Owner Sonny Bunz
2%
Wig Shop Owner's Wife Belle Kessler
0%
Wig Shop Owner Morris Kesler
0%
No matching quizzes found
Score Distribution
Percent of People with Each Score
Percentile by Number Answered
Your Score History
You have not taken this quiz